Loading...
Science - Other Science | 0 | 5 | 0 | 0 | 50 | 73 | 85.20 | 0 | 2 |
Science - Chemistry | 0 | 5 | 1 | 0 | 45 | 47 | 58.00 | 1 | 4 |
Science - Physics | 0 | 4 | 1 | 0 | 35 | 55 | 68.00 | 0 | 1 |
Fine Arts - Other Fine Arts | 0 | 3 | 1 | 0 | 25 | 65 | 88.67 | 1 | 2 |
Literature - American Literature | 0 | 2 | 0 | 0 | 20 | 30 | 30.00 | 1 | 2 |
Fine Arts - Visual Fine Arts | 0 | 2 | 1 | 2 | 15 | 87 | 109.00 | 0 | 0 |
Science - Biology | 0 | 2 | 1 | 0 | 15 | 83 | 87.50 | 0 | 0 |
Social Science | 0 | 1 | 0 | 0 | 10 | 108 | 108.00 | 0 | 1 |
Geography/Current Events | 0 | 1 | 0 | 0 | 10 | 48 | 48.00 | 1 | 1 |
Literature - British Literature | 0 | 1 | 0 | 0 | 10 | 51 | 51.00 | 1 | 1 |
Literature - European Literature | 0 | 1 | 0 | 0 | 10 | 41 | 41.00 | 1 | 1 |
Literature - World/Other Literature | 0 | 1 | 0 | 0 | 10 | 62 | 62.00 | 1 | 1 |
Other Academic | 0 | 1 | 0 | 0 | 10 | 42 | 42.00 | 0 | 1 |
Religion | 0 | 0 | 1 | 0 | -5 | 0.00 | 0 | 0 | |
History - World History | 0 | 1 | 3 | 0 | -5 | 39 | 39.00 | 1 | 1 |
History - Other History | 0 | 0 | 1 | 0 | -5 | 0.00 | 0 | 0 | |
Fine Arts - Classical Music | 0 | 0 | 1 | 0 | -5 | 0.00 | 0 | 0 |